American tradition in literature edited by Sculley Bradley and others (Record no. 998241)

MARC details
000 -LEADER
fixed length control field 00602nam a2200205Ia 4500
003 - CONTROL NUMBER IDENTIFIER
control field OSt
005 - DATE AND TIME OF LATEST TRANSACTION
control field 20251017165208.0
008 - FIXED-LENGTH DATA ELEMENTS--GENERAL INFORMATION
fixed length control field 221004b |||||||| |||| 00| 0 eng d
037 ## - SOURCE OF ACQUISITION
Terms of availability Textual
040 ## - CATALOGING SOURCE
Original cataloging agency CRL
Transcribing agency CRL
Language of cataloging eng
041 ## - LANGUAGE CODE
Source of code eng
Language code of text/sound track or separate title eng
084 ## - COLON CLASSIFICATION NUMBER
Classification number O73v 111M1.1-.2
Assigning agency AL
245 #0 - TITLE STATEMENT
Title American tradition in literature edited by Sculley Bradley and others
250 ## - EDITION STATEMENT
Edition statement 5th
260 ## - PUBLICATION, DISTRIBUTION, ETC.
Place of publication, distribution, etc. New York:
Name of publisher, distributor, etc. Random House USA,
Date of publication, distribution, etc. 1981,
300 ## - PHYSICAL DESCRIPTION
Extent 2073;2176p.
Dimensions cm.
650 ## - SUBJECT ADDED ENTRY--TOPICAL TERM
Topical term or geographic name entry element AMERICAN LITERATURE
9 (RLIN) 848754
942 ## - ADDED ENTRY ELEMENTS (KOHA)
Classification part O111973x M1.1-.2
Koha item type Textbook
Source of classification or shelving scheme
Suppress in OPAC No
Holdings
Withdrawn status Lost status Source of classification or shelving scheme Damaged status Not for loan Home library Current library Date acquired Total Checkouts Full call number Barcode Date last seen Price effective from Koha item type
    Colon Classification (CC)     Central Library Central Library 2022-10-05   O111973x M1.1-.2 CL1236523 2022-10-05 2022-10-05 Textbook
Copyright @ Delhi University Library System